000 00989nam a22001937a 4500
005 20250106154248.0
010 _aHIN-129095
020 _a9789393393104
_c900.00
035 _aHN-101441
037 _bDBAD
082 _a796
100 _aकेरबा, कलवले गोविंद
_975913
245 _aशारीरिक शिक्षा में सूचना और संचार प्रोधोगिकी/
_cकलवले गोविद केरबा और दीपक बच्चेवार
260 _aदरियागंज
_bखेल साहित्य केंद्र
_c2022
270 _a7/26, अंसारी रोड , दरियागंज
_bनई दिल्ली
_e110002
_k011-42564726
_k9811088729
_mkhelsahitya@rediffmail.com
300 _a176पृ.
_c24 सेमी (सजिल्द)
700 _aबच्चेवार, दीपक
_975732
942 _2ddc
_cHN
_h796
_mकेरबा
999 _c207983
_d207983